Central Library OPAC University of Rajshahi
Normal view MARC view

Entry Topical Term

Number of records used in: 1

001 - CONTROL NUMBER

  • control field: 13879

003 - CONTROL NUMBER IDENTIFIER

  • control field: BD-RjUL

005 - DATE AND TIME OF LATEST TRANSACTION

  • control field: 20241021120800.0

008 - FIXED-LENGTH DATA ELEMENTS

  • fixed length control field: 241021|| aca||aabn | a|a d

040 ## - CATALOGING SOURCE

  • Original cataloging agency: BD-RjUL
  • Transcribing agency: BD-RjUL

150 ## - HEADING--TOPICAL TERM

  • Topical term or geographic name entry element: Organic Manures
  • Form subdivision: Different

670 ## - SOURCE DATA FOUND

  • Source citation: Work cat.: (BD-RjUL)84142: Sarker, Palash 13878, Effect of Different Organic Manures and Levels of Phosphorus on Wheat and its Succeeding Effect on T. Aman Rice in High Barind Tract /, 2016